| 000 | 00427nam a2200169 a 4500 | ||
|---|---|---|---|
| 001 | 0000-9148 | ||
| 003 | ELIB.Books | ||
| 008 | 110520 1982 | ||
| 035 | _a(ELIB.Books)0000-9300 | ||
| 082 |
_a259 _bTil |
||
| 100 | _aTillapaugh, Frank R. | ||
| 245 | _aUnleashing The Church | ||
| 260 |
_bCalifornia: Regal Books _c1982 |
||
| 650 | _aPastoral Theology | ||
| 942 |
_2ddc _cBK |
||
| 998 |
_cbat _e2011-05-20 |
||
| 999 |
_c9148 _d9148 |
||